00658 a2200193 45000010006000000050017000060080041000230030015000640400040000790800104001192450092002232500012003152640033003273000027003601000022003877000023004096500015004326500017004472094420260407155501.0260407a1997 arg spa dAR-UNSa-BCEJYS aAR-UNSa-BCEJYSbspacAR-UNSa-BCEJYS a347.736xQuiebra. Insolvencia. Suspensión de pagos. Bancarrota, procedimientos. Derecho Concursal10aConcursos y quiebraspcomentario exegético de la Ley 24.522. Jurisprudencia aplicable a6a. ed. 1aBuenos Aires :bAstreac1997 axlviii, 583 p.c23 cm.1 aGebhardt, Marcelo1 aFassi, Santiago C. aLey 24.522 a ley 24 522